[Event "Titled Tuesday intern op 13th Feb Late"]
[Site "Chess.com INT"]
[Date "2024.02.13"]
[Round "1"]
[White "Herrera Reyes, Jose Antonio"]
[Black "Melikhov, Evgeny V"]
[Result "1-0"]
[WhiteElo "2347"]
[BlackElo "2172"]
[PlyCount "81"]
[EventDate "2024.02.13"]
[EventType "swiss (blitz)"]
[EventRounds "11"]
[EventCountry "USA"]
[SourceTitle "CB08_2024"]
[SourceDate "2024.02.21"]
[SourceVersion "1"]
[SourceVersionDate "2024.02.21"]
[SourceQuality "1"]

1. Nf3 f5 2. g3 Nf6 3. d3 d6 4. Nc3 e5 5. Bg2 Be7 6. h4 0-0 7. h5 c6 8. h6 g6 9. Bg5 Be6 10. Qd2 Nbd7 11. Nh4 Qe8 12. 0-0-0 Qf7 13. Kb1 d5 14. d4 e4 15. e3 b5 16. Ne2 a5 17. Nf4 b4 18. Rh3 Rfb8 19. Rdh1 Nf8 20. f3 exf3 21. Nxf3 Ne4 22. Qd3 Bxg5 23. Ne5 Qe8 24. Bxe4 dxe4 25. Qe2 Bf6 26. g4 Bxe5 27. Nxe6 Qxe6 28. gxf5 Qxf5 29. dxe5 Qxe5 30. Rh4 Re8 31. Rf1 Qd5 32. Rhf4 Rad8 33. b3 a4 34. bxa4 Ne6 35. Rf7 Nc5 36. Rg7+ Kh8 37. Rff7 Qd1+ 38. Qxd1 Rxd1+ 39. Kb2 Nxa4+ 40. Kb3 Rb1+ 41. Kc4 1-0

[Event "Titled Tuesday intern op 13th Feb Late"]
[Site "Chess.com INT"]
[Date "2024.02.13"]
[Round "2"]
[White "Jackson, Edward"]
[Black "Herrera Reyes, Jose Antonio"]
[Result "1-0"]
[WhiteElo "2156"]
[BlackElo "2347"]
[PlyCount "45"]
[EventDate "2024.02.13"]
[EventType "swiss (blitz)"]
[EventRounds "11"]
[EventCountry "USA"]
[SourceTitle "CB08_2024"]
[SourceDate "2024.02.21"]
[SourceVersion "1"]
[SourceVersionDate "2024.02.21"]
[SourceQuality "1"]

1. e4 c5 2. c3 Nf6 3. e5 Nd5 4. d4 cxd4 5. Nf3 e6 6. cxd4 d6 7. Bc4 Nb6 8. Bb3 Nc6 9. Qe2 dxe5 10. dxe5 Bb4+ 11. Nc3 Nd4 12. Nxd4 Qxd4 13. 0-0 0-0 14. Rd1 Qh4 15. Ne4 h6 16. Rd4 Qe7 17. Bxh6 Nd5 18. Bxg7 Kxg7 19. Qg4+ Kh7 20. Qh5+ Kg7 21. Nf6 Nxf6 22. Qg5+ Kh8 23. exf6 1-0

[Event "Titled Tuesday intern op 13th Feb Late"]
[Site "Chess.com INT"]
[Date "2024.02.13"]
[Round "5"]
[White "Shankland, Samuel L"]
[Black "Herrera Reyes, Jose Antonio"]
[Result "1-0"]
[WhiteElo "2674"]
[BlackElo "2347"]
[PlyCount "105"]
[EventDate "2024.02.13"]
[EventType "swiss (blitz)"]
[EventRounds "11"]
[EventCountry "USA"]
[SourceTitle "CB08_2024"]
[SourceDate "2024.02.21"]
[SourceVersion "1"]
[SourceVersionDate "2024.02.21"]
[SourceQuality "1"]

1. Nf3 Nf6 2. g3 b6 3. b3 Bb7 4. Bb2 c5 5. Bg2 e6 6. 0-0 Be7 7. c4 0-0 8. Nc3 d6 9. Re1 Nbd7 10. e4 a6 11. d4 cxd4 12. Nxd4 Qc7 13. Rc1 Rac8 14. f4 Qb8 15. g4 g6 16. h3 Qa8 17. Qe2 e5 18. fxe5 dxe5 19. Nc2 Rfe8 20. Ne3 Nxe4 21. Nxe4 Bxe4 22. Nd5 Bc5+ 23. Kh2 Bxg2 24. Qxg2 Qb8 25. Rcd1 Bd4 26. Bxd4 exd4+ 27. Qg3 Qxg3+ 28. Kxg3 Rxe1 29. Rxe1 Kg7 30. Rd1 b5 31. cxb5 axb5 32. Rxd4 Rc2 33. Nb4 Rc7 34. Rd5 Rc3+ 35. Rd3 Rc7 36. Nd5 Ra7 37. Rd2 Nc5 38. Kf4 Rd7 39. Ke3 Ne6 40. Nc3 Rb7 41. b4 Ra7 42. Nxb5 Ra4 43. a3 f5 44. gxf5 gxf5 45. Kd3 Kf6 46. Kc4 Ra8 47. Kb3 Ke5 48. Re2+ Kf6 49. Rxe6+ Kxe6 50. Nc7+ Ke5 51. Nxa8 Kd4 52. Kc2 Ke3 53. Nc7 1-0

[Event "Titled Tuesday intern op 30th May Early"]
[Site "Chess.com INT"]
[Date "2023.05.30"]
[Round "7"]
[White "Garv, Gaur"]
[Black "Herrera Reyes, Jose Antonio"]
[Result "0-1"]
[WhiteElo "2006"]
[BlackElo "2341"]
[PlyCount "114"]
[EventDate "2023.05.30"]
[EventType "swiss (blitz)"]
[EventRounds "11"]
[EventCountry "USA"]
[SourceTitle "CBM 214 Extra"]
[Source "ChessBase"]
[SourceDate "2023.07.31"]
[SourceVersion "1"]
[SourceVersionDate "2023.07.31"]
[SourceQuality "1"]

1. Nf3 Nf6 2. g3 g6 3. Bg2 Bg7 4. 0-0 d6 5. d4 h5 6. c4 Nc6 7. Nc3 h4 8. Nxh4 Bg4 9. Nf3 Bh3 10. d5 Ne5 11. Nxe5 dxe5 12. Re1 Bxg2 13. Kxg2 Qc8 14. h4 Rxh4 15. Rh1 Rxh1 16. Qxh1 Qg4 17. Qh4 Qxh4 18. gxh4 0-0-0 19. Bg5 Rh8 20. Rh1 Kd7 21. Rh3 Nh5 22. Bd2 f5 23. e3 e4 24. b3 a6 25. Ne2 e6 26. dxe6+ Kxe6 27. Bc3 Bxc3 28. Nxc3 c6 29. Rh1 Nf6 30. Ne2 Rd8 31. Nd4+ Ke5 32. b4 f4 33. Kf1 f3 34. Rg1 Rg8 35. Rg5+ Kd6 36. Nf5+ Ke6 37. Nd4+ Kf7 38. b5 axb5 39. cxb5 Ra8 40. bxc6 bxc6 41. Nxc6 Rxa2 42. Kg1 Ra1+ 43. Kh2 Rf1 44. Ne5+ Ke6 45. Nxg6 Rxf2+ 46. Kg1 Ra2 47. Nf4+ Kf7 48. Rb5 Ng4 49. Rb7+ Ke8 50. Rb1 Rh2 51. Nd5 f2+ 52. Kf1 Rh1+ 53. Kg2 Rxb1 54. Nf6+ Nxf6 55. Kxf2 Nh5 56. Kg2 Kf7 57. Kh3 Rg1 0-1

[Event "Titled Tuesday intern op 30th May Early"]
[Site "Chess.com INT"]
[Date "2023.05.30"]
[Round "9"]
[White "Herrera Reyes, Jose Antonio"]
[Black "Ibarra Jerez, Jose Carlos"]
[Result "0-1"]
[WhiteElo "2341"]
[BlackElo "2563"]
[PlyCount "74"]
[EventDate "2023.05.30"]
[EventType "swiss (blitz)"]
[EventRounds "11"]
[EventCountry "USA"]
[SourceTitle "CBM 214 Extra"]
[Source "ChessBase"]
[SourceDate "2023.07.31"]
[SourceVersion "1"]
[SourceVersionDate "2023.07.31"]
[SourceQuality "1"]

1. Nf3 Nf6 2. g3 d6 3. Bg2 g6 4. d3 Bg7 5. Nc3 0-0 6. h4 c5 7. h5 Nxh5 8. Bg5 Nf6 9. Bh6 Bxh6 10. Rxh6 Kg7 11. Qd2 Nc6 12. 0-0-0 Ng4 13. Rh4 h5 14. Rxh5 Rh8 15. Rxh8 Qxh8 16. Rh1 Qg8 17. Ng5 Kf8 18. Qf4 Nf6 19. Nd5 Nh5 20. Qh4 f6 21. Ne4 Qxd5 22. g4 Qxa2 23. gxh5 g5 24. Qg3 Bf5 25. Nxd6 Bh7 26. Nxb7 Rc8 27. Qg4 Rc7 28. Nxc5 Qa1+ 29. Kd2 Qa5+ 30. b4 Nxb4 31. Ne6+ Kg8 32. Nxc7 Nd5+ 33. c3 Qxc3+ 34. Kd1 Qa1+ 35. Kd2 Qb2+ 36. Kd1 Nc3+ 37. Ke1 Qc1# 0-1

[Event "Titled Tuesday intern op 28th Mar Late"]
[Site "Chess.com INT"]
[Date "2023.03.28"]
[Round "8"]
[White "Ronka, Erik"]
[Black "Herrera Reyes, Jose Antonio"]
[Result "0-1"]
[WhiteElo "2281"]
[BlackElo "2341"]
[PlyCount "48"]
[EventDate "2023.03.28"]
[EventType "swiss (blitz)"]
[EventRounds "11"]
[EventCountry "USA"]
[SourceTitle "EXT 2024"]
[Source "ChessBase"]
[SourceDate "2023.10.10"]
[SourceVersion "1"]
[SourceVersionDate "2023.10.10"]
[SourceQuality "1"]

1. e4 c5 2. Nf3 e6 3. d4 cxd4 4. Nxd4 a6 5. h4 Qc7 6. g4 b6 7. Be3 Bb7 8. f3 h5 9. g5 Ne7 10. Qd2 Ng6 11. Nc3 Nc6 12. 0-0-0 Rc8 13. Kb1 b5 14. Nxc6 Qxc6 15. Ne2 Bb4 16. c3 Be7 17. Nd4 Qc7 18. Bg2 Ne5 19. f4 Nc4 20. Qe2 0-0 21. f5 Ba3 22. Qxh5 Bxb2 23. g6 Na3+ 24. Kxb2 Qxc3# 0-1

[Event "Titled Tuesday intern op 21st Mar Late"]
[Site "Chess.com INT"]
[Date "2023.03.21"]
[Round "1"]
[White "Bochnicka, Vladimir1111"]
[Black "Herrera Reyes, Jose Antonio"]
[Result "1-0"]
[WhiteElo "2309"]
[BlackElo "2341"]
[PlyCount "133"]
[EventDate "2023.03.21"]
[EventType "swiss (blitz)"]
[EventRounds "11"]
[EventCountry "USA"]
[SourceTitle "EXT 2024"]
[Source "ChessBase"]
[SourceDate "2023.10.10"]
[SourceVersion "1"]
[SourceVersionDate "2023.10.10"]
[SourceQuality "1"]

1. e4 c5 2. Nf3 e6 3. g3 b6 4. Bg2 Bb7 5. d3 Qc7 6. 0-0 d6 7. Re1 Nd7 8. c3 Ngf6 9. Bf4 Be7 10. h3 Rc8 11. Nbd2 Qb8 12. e5 Nxe5 13. Nxe5 Bxg2 14. Kxg2 dxe5 15. Bxe5 Qb7+ 16. Qf3 Qxf3+ 17. Nxf3 0-0 18. d4 Rfd8 19. a4 cxd4 20. Bxd4 Bc5 21. a5 b5 22. Rad1 Bxd4 23. Nxd4 a6 24. Nc6 Nd5 25. Nxd8 Rxd8 26. b3 Rc8 27. c4 bxc4 28. bxc4 Nb4 29. Rd6 Kf8 30. Rc1 Ke7 31. Rb6 Nd3 32. Rb7+ Kf6 33. Rc3 Nc5 34. Rf3+ Ke5 35. Rbxf7 Ne4 36. Re3 Rxc4 37. Rxg7 Kf6 38. Rg4 Nd6 39. Rxc4 Nxc4 40. Rc3 Nxa5 41. Ra3 Nc4 42. Rxa6 Ne5 43. Ra4 h5 44. h4 Ng4 45. Kf3 Kf5 46. Ra5+ e5 47. Ra8 Nh2+ 48. Ke2 Ng4 49. f3 Nf6 50. Rf8 Kg6 51. Ke3 Nd5+ 52. Ke4 Nf6+ 53. Kd3 Nd7 54. Rd8 Nc5+ 55. Kc4 Ne6 56. Rg8+ Kf7 57. Rh8 Kg7 58. Rxh5 Kf6 59. Rh6+ Kf5 60. Rxe6 Kxe6 61. h5 Kf5 62. g4+ Kf4 63. h6 Kxf3 64. h7 e4 65. h8Q e3 66. g5 e2 67. Qe8 1-0

[Event "Titled Tuesday intern op 21st Mar Late"]
[Site "Chess.com INT"]
[Date "2023.03.21"]
[Round "3"]
[White "Bruedigam, Martin"]
[Black "Herrera Reyes, Jose Antonio"]
[Result "0-1"]
[WhiteElo "2386"]
[BlackElo "2341"]
[PlyCount "162"]
[EventDate "2023.03.21"]
[EventType "swiss (blitz)"]
[EventRounds "11"]
[EventCountry "USA"]
[SourceTitle "EXT 2024"]
[Source "ChessBase"]
[SourceDate "2023.10.10"]
[SourceVersion "1"]
[SourceVersionDate "2023.10.10"]
[SourceQuality "1"]

1. d4 Nf6 2. c4 c5 3. d5 b5 4. cxb5 a6 5. bxa6 g6 6. Nc3 Bg7 7. e4 0-0 8. Bd3 Qa5 9. Nge2 Bxa6 10. 0-0 d6 11. a4 Nbd7 12. Bxa6 Qxa6 13. Qc2 Rfb8 14. b3 c4 15. Rb1 cxb3 16. Rxb3 Rxb3 17. Qxb3 Nc5 18. Qc2 Nxa4 19. Nxa4 Qxa4 20. Qxa4 Rxa4 21. f3 Ra2 22. Nc3 Rc2 23. Nb5 Nd7 24. Be3 Ne5 25. Rc1 Rxc1+ 26. Bxc1 Kf8 27. Kf1 Ke8 28. Ke2 h5 29. h3 Kd7 30. g4 h4 31. Bg5 Bf6 32. Bxf6 exf6 33. f4 Nc4 34. Nd4 Nb6 35. Nf3 Na4 36. Nxh4 Ke7 37. Nf3 Nc3+ 38. Kd3 Na4 39. Kd4 Nb2 40. Ne1 Nd1 41. Nd3 f5 42. exf5 gxf5 43. g5 f6 44. g6 Kf8 45. h4 Kg7 46. h5 Kh6 47. Kc4 Ne3+ 48. Kd4 Ng2 49. Nc1 Nxf4 50. Nb3 Nxh5 51. Na5 Ng7 52. Nc4 Ne8 53. Ke3 Nc7 54. Nxd6 Nxd5+ 55. Kd4 Ne7 56. Ne8 Kxg6 57. Ke3 Nd5+ 58. Kf3 Kf7 59. Nd6+ Ke6 60. Nc4 Nc7 61. Ne3 Ke5 62. Nc4+ Kd4 63. Nd6 Ke5 64. Nf7+ Ke6 65. Nh8 Nb5 66. Ng6 Nc3 67. Nf4+ Kf7 68. Ke3 Ne4 69. Kf3 Ng5+ 70. Ke3 Ke7 71. Kd4 Ne6+ 72. Ke3 Nxf4 73. Kxf4 Ke6 74. Ke3 Ke5 75. Kf3 f4 76. Kf2 Ke4 77. Ke2 f3+ 78. Kf2 Kf4 79. Kf1 Ke3 80. Ke1 f5 81. Kf1 f2 0-1

[Event "Titled Tuesday intern op 21st Mar Late"]
[Site "Chess.com INT"]
[Date "2023.03.21"]
[Round "6"]
[White "Herrera Reyes, Jose Antonio"]
[Black "Sztokbant, Bernardo Vainzoff"]
[Result "0-1"]
[WhiteElo "2341"]
[BlackElo "2213"]
[PlyCount "70"]
[EventDate "2023.03.21"]
[EventType "swiss (blitz)"]
[EventRounds "11"]
[EventCountry "USA"]
[SourceTitle "EXT 2024"]
[Source "ChessBase"]
[SourceDate "2023.10.10"]
[SourceVersion "1"]
[SourceVersionDate "2023.10.10"]
[SourceQuality "1"]

1. Nf3 c5 2. g3 g6 3. Bg2 Bg7 4. d3 e5 5. Nc3 d5 6. h4 h5 7. Bg5 f6 8. Bd2 Ne7 9. 0-0 Nbc6 10. e4 d4 11. Ne2 Be6 12. Nh2 Qd7 13. f4 0-0-0 14. b4 c4 15. b5 Nb8 16. Qc1 Qxb5 17. Qa3 Nec6 18. Rab1 Qa6 19. Qc1 cxd3 20. cxd3 Qxd3 21. Qb2 Rd7 22. f5 Bc4 23. Rfc1 gxf5 24. Bh3 Ba6 25. Re1 fxe4 26. Bf5 Rg8 27. Nf1 Qf3 28. Bxd7+ Nxd7 29. a4 Nc5 30. Qa2 Rd8 31. Qf7 Bxe2 32. Qxg7 e3 33. Bb4 Nxb4 34. Rxb4 Qf2+ 35. Kh1 Bf3# 0-1

[Event "Titled Tuesday intern op 21st Mar Late"]
[Site "Chess.com INT"]
[Date "2023.03.21"]
[Round "8"]
[White "Lamard, Guillaume"]
[Black "Herrera Reyes, Jose Antonio"]
[Result "1-0"]
[WhiteElo "2529"]
[BlackElo "2341"]
[PlyCount "65"]
[EventDate "2023.03.21"]
[EventType "swiss (blitz)"]
[EventRounds "11"]
[EventCountry "USA"]
[SourceTitle "EXT 2024"]
[Source "ChessBase"]
[SourceDate "2023.10.10"]
[SourceVersion "1"]
[SourceVersionDate "2023.10.10"]
[SourceQuality "1"]

1. d4 Nf6 2. Bf4 c5 3. e3 g6 4. Nf3 Bg7 5. c3 0-0 6. dxc5 a5 7. a4 Na6 8. Bxa6 Rxa6 9. Nbd2 Rc6 10. Nb3 b6 11. Nfd4 Rxc5 12. Nxc5 bxc5 13. Nb5 d6 14. 0-0 Bb7 15. Bg3 Ne4 16. f3 Nxg3 17. hxg3 Qb6 18. Qe2 h5 19. Rad1 Be5 20. f4 Bf6 21. g4 hxg4 22. Qxg4 Kg7 23. Kf2 Qc6 24. Rh1 Qe4 25. Rd2 Bc8 26. Qf3 Qxa4 27. Nc7 Rh8 28. Rxh8 Kxh8 29. Nd5 Bb7 30. Qh3+ Kg7 31. Nxf6 Kxf6 32. Qh4+ Ke6 33. f5+ 1-0

[Event "La Palma Island op"]
[Site "Santa Cruz de La Palma"]
[Date "2022.08.11"]
[Round "8"]
[White "Pap, Misa"]
[Black "Herrera Reyes, Jose Antonio"]
[Result "1-0"]
[WhiteElo "2369"]
[BlackElo "2338"]
[PlyCount "93"]
[EventDate "2022.08.06"]
[EventType "swiss"]
[EventRounds "9"]
[EventCountry "ESP"]
[SourceTitle "CBM 209 Extra"]
[Source "ChessBase"]
[SourceDate "2022.09.30"]
[SourceVersion "1"]
[SourceVersionDate "2022.09.30"]
[SourceQuality "1"]

1. e4 c5 2. Nf3 e6 3. g3 b6 4. Bg2 Bb7 5. d4 cxd4 6. Nxd4 a6 7. 0-0 Qc7 8. c4 h5 9. Nc3 h4 10. Re1 hxg3 11. hxg3 Be7 12. Be3 d6 13. Rc1 Nf6 14. f4 g6 15. Bf2 Nbd7 16. Nd5 Qd8 17. e5 dxe5 18. Nxe6 fxe6 19. Nxf6+ Nxf6 20. Bxb7 Rb8 21. Qf3 Bc5 22. Bc6+ Ke7 23. Rcd1 e4 24. Bxc5+ bxc5 25. Bxe4 Qb6 26. Bxg6 Qxb2 27. Rxe6+ Kf8 28. Re2 Qb7 29. Qxb7 Rxb7 30. Rd8+ Kg7 31. Rxh8 Kxh8 32. Bf5 Rb4 33. Be6 Nh5 34. Rh2 Rb1+ 35. Kg2 Rb2+ 36. Kh3 Rxh2+ 37. Kxh2 Kg7 38. Kg2 a5 39. Kf3 Nf6 40. g4 Ne8 41. Ke4 Kf6 42. Bd7 Nc7 43. g5+ Ke7 44. Bc8 a4 45. a3 Na8 46. f5 Nb6 47. Be6 1-0

[Event "La Palma Island op"]
[Site "Santa Cruz de La Palma"]
[Date "2022.08.09"]
[Round "5"]
[White "Herrera Reyes, Jose Antonio"]
[Black "Perez Bolanos, David"]
[Result "1-0"]
[WhiteElo "2338"]
[BlackElo "2128"]
[PlyCount "63"]
[EventDate "2022.08.06"]
[EventType "swiss"]
[EventRounds "9"]
[EventCountry "ESP"]
[SourceTitle "CBM 209 Extra"]
[Source "ChessBase"]
[SourceDate "2022.09.30"]
[SourceVersion "1"]
[SourceVersionDate "2022.09.30"]
[SourceQuality "1"]

1. e4 e5 2. Nf3 Nc6 3. c4 Bc5 4. a3 a5 5. Nxe5 Qh4 6. Nd3 Qxe4+ 7. Qe2 Qxe2+ 8. Bxe2 Ba7 9. Nf4 Nf6 10. d3 0-0 11. Be3 Nd4 12. Bd1 Re8 13. Kd2 Ne6 14. Nxe6 Bxe3+ 15. fxe3 fxe6 16. Nc3 d6 17. g4 Bd7 18. g5 Bc6 19. gxf6 Bxh1 20. e4 Bg2 21. Bg4 g6 22. Rg1 h5 23. Bd1 Bh3 24. Bxh5 Kf7 25. Bxg6+ Kxf6 26. Bxe8 Rxe8 27. Nb5 Re7 28. Rg3 Rh7 29. Nxc7 Rxc7 30. Rxh3 Rg7 31. Kc3 e5 32. Rh8 1-0

[Event "Biel HTO 55th"]
[Site "Biel"]
[Date "2022.07.22"]
[Round "9"]
[White "Akshit, Kumar J"]
[Black "Herrera Reyes, Jose Antonio"]
[Result "1/2-1/2"]
[WhiteElo "2103"]
[BlackElo "2345"]
[PlyCount "115"]
[EventDate "2022.07.13"]
[EventType "swiss"]
[EventRounds "9"]
[EventCountry "SUI"]
[SourceTitle "CBM 209 Extra"]
[Source "ChessBase"]
[SourceDate "2022.09.30"]
[SourceVersion "1"]
[SourceVersionDate "2022.09.30"]
[SourceQuality "1"]

1. e4 c5 2. Nf3 e6 3. d4 cxd4 4. Nxd4 a6 5. Bd3 Bc5 6. Nb3 Ba7 7. Qg4 Kf8 8. Bg5 f6 9. Bd2 Nc6 10. Nc3 b5 11. h4 Bb7 12. h5 Ne5 13. Qe2 Qc7 14. a4 b4 15. Na2 Ne7 16. Bxb4 Kf7 17. Ba5 Qb8 18. Bd2 d5 19. 0-0 g5 20. Na5 g4 21. Be3 dxe4 22. Bxe4 Bxe4 23. Bxa7 Rxa7 24. Qxe4 Rd7 25. Nc4 Rd5 26. Rfe1 Rg8 27. Kf1 Rg5 28. Nc3 Kg7 29. Qf4 Rxh5 30. Nxd5 Nxd5 31. Qg3 Qb4 32. Nxe5 Rh1+ 33. Ke2 Nf4+ 34. Ke3 Rxe1+ 35. Rxe1 fxe5 36. c3 Qxb2 37. Qxg4+ Kf7 38. Kf3 Qxc3+ 39. Re3 Qc6+ 40. Re4 Qd5 41. Qg5 Qd1+ 42. Kg3 Ne2+ 43. Rxe2 Qxe2 44. Qd8 Qh5 45. a5 Qg6+ 46. Kh2 Qh6+ 47. Kg1 Qc1+ 48. Kh2 Qf4+ 49. Kg1 Qd4 50. Qb6 Qc4 51. Qa7+ Kg6 52. Qb8 Kf5 53. Qf8+ Ke4 54. Qg7 h5 55. Qh7+ Kd5 56. Qxh5 Qc1+ 57. Kh2 Qf4+ 58. Kg1 1/2-1/2

[Event "Biel HTO 55th"]
[Site "Biel"]
[Date "2022.07.20"]
[Round "7"]
[White "Aydin, Gulenay"]
[Black "Herrera Reyes, Jose Antonio"]
[Result "0-1"]
[WhiteElo "2100"]
[BlackElo "2345"]
[PlyCount "78"]
[EventDate "2022.07.13"]
[EventType "swiss"]
[EventRounds "9"]
[EventCountry "SUI"]
[SourceTitle "CBM 209 Extra"]
[Source "ChessBase"]
[SourceDate "2022.09.30"]
[SourceVersion "1"]
[SourceVersionDate "2022.09.30"]
[SourceQuality "1"]

1. e4 c5 2. Nc3 e6 3. g3 b6 4. Bg2 Bb7 5. Nge2 a6 6. d4 cxd4 7. Nxd4 Qc7 8. 0-0 d6 9. Re1 Be7 10. Nd5 exd5 11. exd5 Bc8 12. a4 h5 13. Ra3 Kf8 14. Bf4 Ra7 15. h4 Qd8 16. Rae3 Nh6 17. Qd3 Ng4 18. R3e2 g6 19. Qc3 Kg8 20. Rxe7 Rxe7 21. Rxe7 Qxe7 22. Qxc8+ Kh7 23. Qc3 Re8 24. Bf3 Nd7 25. Nc6 Qe1+ 26. Qxe1 Rxe1+ 27. Kg2 Nge5 28. Nxe5 Nxe5 29. Bxe5 dxe5 30. Kh2 e4 31. Bg2 f5 32. c4 a5 33. g4 hxg4 34. Kg3 Kg7 35. Kf4 Kf6 36. b3 Re2 37. Kg3 Ke5 38. Bf1 Rb2 39. c5 Rxb3+ 0-1

[Event "Biel HTO 55th"]
[Site "Biel"]
[Date "2022.07.14"]
[Round "2"]
[White "Herrera Reyes, Jose Antonio"]
[Black "Iniyan, Panneerseluam"]
[Result "0-1"]
[WhiteElo "2345"]
[BlackElo "2533"]
[PlyCount "82"]
[EventDate "2022.07.13"]
[EventType "swiss"]
[EventRounds "9"]
[EventCountry "SUI"]
[SourceTitle "CBM 209 Extra"]
[Source "ChessBase"]
[SourceDate "2022.09.30"]
[SourceVersion "1"]
[SourceVersionDate "2022.09.30"]
[SourceQuality "1"]

1. e4 c5 2. Nc3 a6 3. g3 b5 4. Bg2 Bb7 5. Nge2 b4 6. Nd5 e6 7. Ne3 Nf6 8. e5 Bxg2 9. Nxg2 Ng4 10. d4 cxd4 11. Qxd4 h5 12. Qe4 Nc6 13. b3 Ngxe5 14. Bb2 d5 15. Qe3 Ng4 16. Qd2 Bc5 17. f3 Nge5 18. 0-0-0 Nxf3 19. Qf4 Ng5 20. Rhf1 f6 21. Kb1 Qe7 22. Rfe1 Ne4 23. Qf1 Bf2 24. Nef4 Bxe1 25. Ng6 Qc5 26. Nxe1 Rh6 27. Nf4 Qf2 28. Qh1 Kf7 29. Ned3 Qa7 30. Qf3 Nd4 31. Qf1 Nb5 32. Ka1 Nbc3 33. Re1 Qb6 34. a3 a5 35. a4 g5 36. Ng2 Nd2 37. Qh1 Nxa4 38. bxa4 Qc6 39. Nc1 Qxa4+ 40. Na2 Qxc2 41. Re3 Qa4 0-1

[Event "Titled Tuesday intern op 03rd May Late"]
[Site "Chess.com INT"]
[Date "2022.05.03"]
[Round "7"]
[White "Herrera Reyes, Jose Antonio"]
[Black "Kamsky, Gata"]
[Result "0-1"]
[WhiteElo "2319"]
[BlackElo "2661"]
[PlyCount "62"]
[EventDate "2022.05.03"]
[EventType "swiss (blitz)"]
[EventRounds "11"]
[EventCountry "USA"]
[SourceTitle "CBM 208 Extra"]
[Source "ChessBase"]
[SourceDate "2022.07.31"]
[SourceVersion "1"]
[SourceVersionDate "2022.07.31"]
[SourceQuality "1"]

1. e4 c5 2. Nc3 Nc6 3. g3 g6 4. h4 h5 5. Bg2 d6 6. d3 Bg7 7. Nge2 Rb8 8. a4 a6 9. 0-0 b5 10. axb5 axb5 11. f4 b4 12. Nd5 e6 13. Ne3 Nh6 14. c3 bxc3 15. bxc3 0-0 16. d4 cxd4 17. cxd4 Rb4 18. e5 dxe5 19. dxe5 Qb6 20. Kh1 Rd8 21. Qc2 Bb7 22. Rd1 Rxd1+ 23. Qxd1 Bf8 24. Qd7 Kg7 25. Nc3 Nd4 26. Ne4 Bxe4 27. Bxe4 Ne2 28. Ra7 Rxe4 29. f5 Qb1 30. f6+ Kh7 31. Qd1 Rxe3 0-1

[Event "Titled Tuesday intern op 03rd May Late"]
[Site "Chess.com INT"]
[Date "2022.05.03"]
[Round "5"]
[White "Vasquez Schroder, Rodrigo Rafael"]
[Black "Herrera Reyes, Jose Antonio"]
[Result "1-0"]
[WhiteElo "2500"]
[BlackElo "2319"]
[PlyCount "89"]
[EventDate "2022.05.03"]
[EventType "swiss (blitz)"]
[EventRounds "11"]
[EventCountry "USA"]
[SourceTitle "CBM 208 Extra"]
[Source "ChessBase"]
[SourceDate "2022.07.31"]
[SourceVersion "1"]
[SourceVersionDate "2022.07.31"]
[SourceQuality "1"]

1. e4 c5 2. Nf3 e6 3. d4 cxd4 4. Nxd4 a6 5. Bd3 Bc5 6. Nb3 Ba7 7. Qe2 Nc6 8. Be3 d6 9. 0-0 e5 10. Bxa7 Rxa7 11. c4 Nge7 12. Qe3 Ng6 13. g3 h5 14. Nc3 h4 15. Rfd1 Bg4 16. Be2 Be6 17. Rd2 hxg3 18. fxg3 b6 19. Rad1 Rd7 20. Nd5 Bxd5 21. cxd5 Nce7 22. Bxa6 Kf8 23. Bb5 Ra7 24. a4 Kg8 25. Rf1 Qc8 26. Rdf2 Qh3 27. Re1 f5 28. Bf1 Qh5 29. exf5 Nxf5 30. Qf3 Qxf3 31. Rxf3 Nge7 32. Bb5 g6 33. Nd2 Kg7 34. Ne4 Nxd5 35. Rf2 Nd4 36. Nxd6 Re7 37. Bc4 Nf6 38. Ref1 Ng4 39. Rf7+ Rxf7 40. Rxf7+ Kh6 41. Re7 Nf3+ 42. Kg2 Nfxh2 43. Nf7+ Kg7 44. Nxh8+ Kxh8 45. Be2 1-0

[Event "Titled Tuesday intern op 19th Apr Late"]
[Site "Chess.com INT"]
[Date "2022.04.19"]
[Round "4"]
[White "Herrera Reyes, Jose Antonio"]
[Black "D'Arruda, Ricardo D"]
[Result "1-0"]
[WhiteElo "2319"]
[BlackElo "2271"]
[PlyCount "35"]
[EventDate "2022.04.19"]
[EventType "swiss (blitz)"]
[EventRounds "11"]
[EventCountry "USA"]
[SourceTitle "EXT 2023"]
[Source "ChessBase"]
[SourceDate "2022.10.05"]
[SourceVersion "1"]
[SourceVersionDate "2022.10.05"]
[SourceQuality "1"]

1. Nf3 d5 2. g3 c6 3. Bg2 Nf6 4. d3 g6 5. h4 h6 6. Nc3 Bg7 7. Bf4 0-0 8. Qd2 Kh7 9. h5 g5 10. Bxg5 hxg5 11. Nxg5+ Kg8 12. h6 Bxh6 13. Rxh6 Bf5 14. 0-0-0 Kg7 15. Rdh1 Ng4 16. Nh7 f6 17. Nxf8 Qxf8 18. R6h4 1-0

[Event "Titled Tuesday intern op 19th Apr Late"]
[Site "Chess.com INT"]
[Date "2022.04.19"]
[Round "6"]
[White "Herrera Reyes, Jose Antonio"]
[Black "Wagner, Dinara"]
[Result "1-0"]
[WhiteElo "2319"]
[BlackElo "2321"]
[PlyCount "111"]
[EventDate "2022.04.19"]
[EventType "swiss (blitz)"]
[EventRounds "11"]
[EventCountry "USA"]
[SourceTitle "EXT 2023"]
[Source "ChessBase"]
[SourceDate "2022.10.05"]
[SourceVersion "1"]
[SourceVersionDate "2022.10.05"]
[SourceQuality "1"]

1. Nf3 d5 2. g3 c6 3. Bg2 Bf5 4. d3 Nd7 5. 0-0 e6 6. c3 Ngf6 7. Qb3 Qb6 8. Be3 Qxb3 9. axb3 a6 10. b4 h6 11. Nbd2 Rc8 12. Nb3 e5 13. Na5 Rc7 14. Nh4 Bh7 15. f4 Bd6 16. fxe5 Bxe5 17. Nf5 Bxf5 18. Rxf5 0-0 19. Raf1 Re8 20. Bc1 Bd6 21. e4 dxe4 22. dxe4 Ne5 23. Bxh6 Nfg4 24. Bc1 g6 25. R5f4 Kg7 26. Rd1 Be7 27. h3 Nf6 28. Rff1 Nfd7 29. Bf4 Bf6 30. g4 g5 31. Bg3 Nf8 32. Nb3 Nfg6 33. Nd4 Nh4 34. Nf5+ Nxf5 35. Rxf5 Rce7 36. Rdf1 Re6 37. Bxe5 Bxe5 38. Rxf7+ Kg6 39. Rxb7 Bf4 40. h4 Rd6 41. hxg5 Be3+ 42. Kh2 Rh8+ 43. Kg3 Bxg5 44. e5 Rd3+ 45. Rf3 Bh4+ 46. Kf4 Rf8+ 47. Ke4 Rd1 48. Rxf8 Re1+ 49. Kd3 Bg3 50. Be4+ Kg5 51. Rg7+ Kh6 52. Rg6+ Kh7 53. Rf7+ Kh8 54. Rf8+ Kh7 55. Rgg8+ Kh6 56. Rf6# 1-0